000 01208nam a2200241 a 4500
003 BD-DhJNU
005 20251116065209.0
008 251108s2011 bg |||g |||| 000 1|ben|d
020 _a9789848866405
040 _aBD-DhJNU
_bben
_cBD-DhJNU
_dBD-DhJNU
041 _aben
082 _a891.448 TAR
_223
100 _aঠাকুর, রবীন্দ্রনাথ
242 1 0 _aRabindra Oeuvre / by Rabindranath Tagore
245 1 0 _aরবীন্দ্রসমগ্র :
_bপ্রকাশিত-অপ্রকাশিত বাংলা-ইংরেজি রচনা, চিঠিপত্র, পাণ্ডুলিপি, চিত্রকলা ও আলোকচিত্রসহ : খন্ড ৩ /
_cরবীন্দ্রনাথ ঠাকুর
246 _aRabindrashamagra
260 _aঢাকা :
_bপাঠক সমাবেশ,
_c2011.
300 _a৮৪১ পৃ. :
_bচিত্র ;
_c২২ সেমি.।
504 _aগ্রন্থপঞ্জিগত নির্দেশিকা ও নিঘন্ট অন্তভূক্ত
650 _aবাংলা সাহিত্য
650 _aBengali literature
942 _cBK
_2ddc
999 _c2369
_d2369